Cibercriminología: guía para la investigación del cibercrimen y mejores prácticas en seguridad digital (Registro nro. 12730)
[ vista simple ]
| 000 -Cabecera | |
|---|---|
| Campo de control de longitud fija | 01357nam a22004817a 4500 |
| 005 - Fecha y hora de la última transacción | |
| Campo de control | 20260319101514.0 |
| 008 - Elementos de longitud fija--Información general | |
| Campo de control de longitud fija | 200909b2017 xxu||||| |||| 00| 0 spa d |
| 020 ## - International Standard Book Number | |
| Número Internacional Estándar del Libro (ISBN) | 9789588687704 |
| 041 ## - Idioma | |
| Código de idioma | Español |
| 082 ## - Clasificación Decimal Dewey | |
| Número de clasificación | 364.168 K99c |
| 100 ## - Entrada principal--Autor personal | |
| Nombre personal | Kyung, Sick Choi |
| 9 (RLIN) | 58523 |
| 100 ## - Entrada principal--Autor personal | |
| Nombre personal | Toro Álvarez, Marlon Mike |
| 9 (RLIN) | 58524 |
| 245 ## - Título propiamente dicho | |
| Título | Cibercriminología: guía para la investigación del cibercrimen y mejores prácticas en seguridad digital |
| 260 ## - Pie de imprenta | |
| Lugar de publicación, distribución, etc. | Colombia |
| 260 ## - Pie de imprenta | |
| Nombre del editor, distribuidor, etc. | Universidad Antonio Nariño |
| 260 ## - Pie de imprenta | |
| Fecha de publicación, distribución, etc. | 2017 |
| 300 ## - Descripción física | |
| Extensión | 600 páginas |
| 490 ## - Serie | |
| Título de la Serie | Investigación Criminal |
| 650 ## - Materia general | |
| Temática (materia general) | DELITOS INFORMÁTICOS |
| 650 ## - Materia general | |
| Temática (materia general) | CIBERCRIMINOLOGÍA |
| 650 ## - Materia general | |
| Temática (materia general) | CIBERCRIMEN |
| 650 ## - Materia general | |
| Temática (materia general) | SEGURIDAD DIGITAL |
| 650 ## - Materia general | |
| Temática (materia general) | CIBERCRIMINALES |
| 650 ## - Materia general | |
| Temática (materia general) | HACKERS |
| 650 ## - Materia general | |
| Temática (materia general) | ESTAFA EN LÍNEA |
| 650 ## - Materia general | |
| Temática (materia general) | ROBO DE IDENTIDAD |
| 650 ## - Materia general | |
| Temática (materia general) | PISHING |
| 650 ## - Materia general | |
| Temática (materia general) | RANSOMWARE |
| 650 ## - Materia general | |
| Temática (materia general) | TRÁFICO HUMANO |
| 650 ## - Materia general | |
| Temática (materia general) | VIOLENCIA SEXUAL |
| 650 ## - Materia general | |
| Temática (materia general) | CATFISHING |
| 650 ## - Materia general | |
| Temática (materia general) | ACOSO CIBERNÉTICO |
| 650 ## - Materia general | |
| Temática (materia general) | CIBERBULLYING |
| 650 ## - Materia general | |
| Temática (materia general) | NARCOTRÁFICO ONLINE |
| 650 ## - Materia general | |
| Temática (materia general) | CIBERVICTIMIZACIÓN |
| 650 ## - Materia general | |
| Temática (materia general) | CRIMEN CIBERNÉTICO |
| 650 ## - Materia general | |
| Temática (materia general) | SEGURIDAD INFORMÁTICA |
| 650 ## - Materia general | |
| Temática (materia general) | CIBERDELITO |
| 650 ## - Materia general | |
| Temática (materia general) | CIBERTERRORISMO |
| 650 ## - Materia general | |
| Temática (materia general) | EVIDENCIA DIGITAL |
| 650 ## - Materia general | |
| Temática (materia general) | INFORMÁTICA FORENSE |
| 942 ## - Punto de acceso adicional KOHA | |
| Tipo de ítem KOHA | Libro |
| Fuente del sistema de clasificación o colocación | Dewey Decimal Classification |
| Signatura completa | Código de barras | Programa Académico | Tipo de ítem |
|---|---|---|---|
| 364.168 K99c | 25007 | Investigación Criminal | Libro |
| 364.168 K99c | 25008 | Investigación Criminal | Libro |
| 364.168 K99c | 25009 | Investigación Criminal | Libro |